| 000 | 00688nam a2200205 4500 | ||
|---|---|---|---|
| 001 | 138459 | ||
| 003 | ES-MaACL | ||
| 005 | 20231226152507.0 | ||
| 007 | t| | ||
| 008 | 070214s1913 sp r ||||1| spa d | ||
| 100 | 1 |
_aSan José, Diego, _d1884-1962 _9102241 |
|
| 245 | 1 | 0 |
_aLibro de diversas trovas / _cDiego San José ; con elogios al autor por Manuel Machado y Andrés González Blanco. |
| 260 |
_aMadrid : _b[s. n.], _c1913 ( _fImp. Helénica) |
||
| 300 |
_a183 p. ; _c20 x 13 cm. |
||
| 700 | 1 |
_aMachado, Manuel, _d1874-1947 _975161 |
|
| 700 | 1 |
_aGonzález-Blanco, Andrés, _d1886-1924 _958459 |
|
| 852 |
_aES-MaACL _jD-1927 |
||
| 852 |
_aES-MaACL _jG-1831 |
||
| 999 |
_c138459 _d138459 |
||